000 00674cam a22002051 4500
001 ne 68000497
003 DLC
005 20260227111838.0
008 960912s1957 ir 000 0 perr
010 _ane 68000497
035 _a(OCoLC)35527958
040 _aDLC
_cCLU
_dCLU
_dDLC
042 _apremarc
050 0 0 _aPK6561.H27
_bP3
100 1 _aḤālat, Abū al-Qāsim.
245 1 0 _aParvanāh va shabnam,
_bva panjāh qasīdah digar
_caz Ās̲ar Abū al-Qāsim Ḥalit.
260 _a[Tihrān]
_bKitābfurūshī Zuvār,
_c1336 [1957]
300 _a117 p.
_c25 cm.
500 _aʻIddahāyī az īn Qaṣāʼid ... dar nāmah ... āʼīn Islām bi-chāp-i rasīdah ast.
999 _c50068
_d50068